| 000 -LEADER |
| fixed length control field |
00679nam a22002177a 4500 |
| 001 - CONTROL NUMBER |
| control field |
3711 |
| 003 - CONTROL NUMBER IDENTIFIER |
| control field |
BD-DhUAP |
| 005 - DATE AND TIME OF LATEST TRANSACTION |
| control field |
20201230161438.0 |
| 008 - FIXED-LENGTH DATA ELEMENTS--GENERAL INFORMATION |
| fixed length control field |
202030s1980 ch a|||| b||| 001 0 eng d |
| 020 ## - INTERNATIONAL STANDARD BOOK NUMBER |
| International Standard Book Number |
0909752591 |
| 040 ## - CATALOGING SOURCE |
| Original cataloging agency |
BD-DhUAP |
| Language of cataloging |
Eng |
| Transcribing agency |
BD-DhUAP |
| Modifying agency |
BD-DhUAP |
| 082 ## - DEWEY DECIMAL CLASSIFICATION NUMBER |
| Edition number |
23 |
| Classification number |
820 CHE |
| 100 ## - MAIN ENTRY--PERSONAL NAME |
| Personal name |
Chessell, Pam. |
| 245 ## - TITLE STATEMENT |
| Title |
Consider and communicate : |
| Remainder of title |
a course book for year 11 English / |
| Statement of responsibility, etc. |
Pam Chessell. |
| 260 ## - PUBLICATION, DISTRIBUTION, ETC. |
| Place of publication, distribution, etc. |
Malvern : |
| Name of publisher, distributor, etc. |
Sorrett, |
| Date of publication, distribution, etc. |
c1980. |
| 300 ## - PHYSICAL DESCRIPTION |
| Extent |
192 pages : |
| Other physical details |
illustrations ; |
| Dimensions |
26 cm. |
| 504 ## - BIBLIOGRAPHY, ETC. NOTE |
| Bibliography, etc. note |
Includes bibliography and index. |
| 650 ## - SUBJECT ADDED ENTRY--TOPICAL TERM |
| Topical term or geographic name entry element |
English language |
| Form subdivision |
Study and teaching (Secondary). |
| 650 ## - SUBJECT ADDED ENTRY--TOPICAL TERM |
| Topical term or geographic name entry element |
English literature. |
| 942 ## - ADDED ENTRY ELEMENTS (KOHA) |
| Source of classification or shelving scheme |
|
| Koha item type |
Book |